| 000 | 00904naa a22001937i 4500 | ||
|---|---|---|---|
| 001 | 8785 | ||
| 003 | KOSZ 005 | ||
| 005 | 20180306110201.0 | ||
| 008 | 180305s2008 li ||||| ||||1|| 0 eng | ||
| 040 |
_cKOSZ 005/HR _aKOSZ 005/HR |
||
| 041 | 0 | _aeng | |
| 100 |
_aJAGODA, Marcin. _bPolitechnika Koszalińska |
||
| 245 | 1 | 0 |
_aEvaulation of accurancy of determining point position by use of active geodetic network-PL (ASG-PL) / _cA. Jackiewicz, Marcin Jagoda, Czesław Suchocki. |
| 655 | 0 | _aMateriały konferencyjne. | |
| 700 | 1 |
_aSUCHOCKI, Czesław. _d2004 - . _bPolitechnika Koszalińska - Wydział Budownictwa i Inżynierii Środowiska, _cKatedra Geodezji Gospodarczej |
|
| 711 | 2 | 2 |
_aEnvironmental Engineering _n(7 ; _d2008 ; _cWilno, Litwa). |
| 773 | 0 |
_iW : _tThe 7th International Conference Environmental Engineering. Vol. 3. - _dVilnius : “Technika”, 2008. - |
|
| 942 |
_cROZ _2UKD |
||
| 999 |
_c8785 _d8785 |
||